| 000 | 00820cam a22002411 4500 | ||
|---|---|---|---|
| 001 | sa 67002585 | ||
| 003 | DLC | ||
| 005 | 20260227112331.0 | ||
| 008 | 810630s1964 ii a b s000 0 eng | ||
| 010 | _asa 67002585 | ||
| 025 | _aPL480:I-E-6657 | ||
| 035 | _a(OCoLC)7541133 | ||
| 040 |
_aDLC _cMnSU _dMnSU _dOCoLC _dDLC |
||
| 043 | _aa-ii--- | ||
| 050 | 0 | 0 |
_aSB975 _b.U8 |
| 100 | 1 | _aUsman, S. | |
| 245 | 1 | 0 |
_aBiological control scheme: _breport of work done during the period 10th September 1948 to 31st March 1963 _c[by] S. Usman [and others. |
| 260 |
_aBangalore] _bDept. of Agriculture, Division of Entomology, Mysore State _c[1964] |
||
| 300 |
_aix, 102 p. _billus. _c24 cm. |
||
| 504 | _aBibliography: p. 96-97. | ||
| 650 | 0 |
_aInsect pests _xBiological control. |
|
| 650 | 0 |
_aEntomology _xResearch _zIndia _zMysore. |
|
| 999 |
_c73314 _d73314 |
||